| 000 | 00645cab a2200217 4500 | ||
|---|---|---|---|
| 001 | X3091 | ||
| 008 | 090401t1995 xxu||||| |||| 00| 0 eng d | ||
| 035 | _a(Sirsi) u28410 | ||
| 041 | _aeng | ||
| 245 | _aValuation manual ammendments | ||
| 260 | _c1995 | ||
| 350 | _a0 | ||
| 490 |
_aCSM (Chartered Surveyor Monthly) _v5(3) November/December 1995, 23(1) |
||
| 520 | _aLists ammendments to be made to the RICS `Appraisal and valuation manual` | ||
| 650 | _aAMMENDMENTS | ||
| 650 | _aAPPRAISAL AND VALUATION MANUAL | ||
| 650 | _aRICS APPRAISAL AND VALUATION MANUAL | ||
| 690 | _aRATING AND VALUATION | ||
| 942 | _n0 | ||
| 948 | _c04/03/1997 | ||
| 999 |
_c19133 _d19133 |
||